| 000 | 00713nam a2200241 i 4500 | ||
|---|---|---|---|
| 001 | 129860 | ||
| 003 | ES-MaACL | ||
| 005 | 20250710062729.0 | ||
| 007 | t| | ||
| 008 | 070709s1966 fr ||||1| fre d | ||
| 080 | _a811.92 | ||
| 100 | 1 |
_aBurney, Pierre. _932739 |
|
| 245 | 1 | 4 |
_aLes langues internationales / _cPierre Burney. |
| 250 | _a10e éd. mise a jour. | ||
| 260 |
_aParis : _bPresses Universitaires de France, _c1966. |
||
| 300 |
_a126 p. ; _c18 cm. |
||
| 490 | 1 |
_aQue sais-je? ; _v968 |
|
| 500 | _aBiblioteca Jacinto Martínez Lacalle. | ||
| 650 | 1 | 4 |
_aLenguas internacionales. _914362 |
| 830 | 0 | 0 |
_aQue sais-je? _v968 _9180931 |
| 852 |
_aES-MaACL _jE-11854 _bR.139803 |
||
| 999 |
_c129860 _d129860 |
||